| 000 | 00726nam a2200229 a 4500 | ||
|---|---|---|---|
| 005 | 20240925064124.0 | ||
| 008 | 991125s1986 es 000 0 spa u | ||
| 020 | _a8476580142 | ||
| 035 | _aUPN01000014034 | ||
| 049 | _aCG | ||
| 050 | 4 |
_aBF723 C5.7 _bB6.3 |
|
| 100 | 1 | _aBoada, Humbert | |
| 245 | 1 | 3 |
_aEl desarrollo de la comunicación en el niño / _cHumbert Boada. |
| 260 |
_aBarcelona, Esp. : _bAnthropos, _c1986. |
||
| 300 | _a140 p. | ||
| 440 | 0 |
_aAutores, textos y temas. _pPsicología ; _v1 |
|
| 590 | _a(También localizas un ejemplar en el "Area de Reserva") | ||
| 590 | _aBibliografía Básica (BGTQ) | ||
| 650 | 4 |
_aComunicación en la educación _91520 |
|
| 650 | 4 |
_aNiño, Estudio del _9221 |
|
| 905 | _aLibro | ||
| 999 |
_c14034 _d14034 |
||